Η νομική προστασία του παιδιού στην Ελλάδα : ποινικές και συνταγματικές διαστάσεις
Αποθηκεύτηκε σε:
| Κύριος συγγραφέας: | |
|---|---|
| Άλλοι συγγραφείς: | |
| Μορφή: | Βιβλίο |
| Γλώσσα: | Greek |
| Δημοσίευση: |
Αθήνα :
Νομική Βιβλιοθήκη,
2013.
|
| Θέματα: | |
| Ετικέτες: |
Προσθήκη ετικέτας
Δεν υπάρχουν, Καταχωρήστε ετικέτα πρώτοι!
|
MARC
| LEADER | 00000nam a2200000 a 4500 | ||
|---|---|---|---|
| 001 | 1/114013 | ||
| 008 | 170518s2013####gr | ||| |||| ||gre|| | ||
| 020 | |a 9789605621957 | ||
| 040 | |a GR-MyUa |b gre |c GR-MyUa |e AACR2 | ||
| 041 | 0 | |a gre | |
| 082 | 7 | |a 342 |2 (23) | |
| 100 | 1 | |a Κουτσούκου, Ηλέκτρα Ιω. | |
| 245 | 1 | 2 | |a Η νομική προστασία του παιδιού στην Ελλάδα : |b ποινικές και συνταγματικές διαστάσεις / |c Ηλέκτρα Ιω. Κουτσούκου ; πρόλογος: Θεόδωρος Π. Παπαθεοδώρου. |
| 260 | |a Αθήνα : |b Νομική Βιβλιοθήκη, |c 2013. | ||
| 300 | |a xvi, 311 σ. ; |c 24 εκ. | ||
| 504 | |a Βιβλιογραφία: σ. 283-308. Ευρετήριο. | ||
| 650 | 0 | |a Children |x Legal status, laws, etc. | |
| 650 | 0 | |a Discrimination in juvenile justice administration | |
| 700 | 1 | |a Παπαθεοδώρου, Θεόδωρος Π. | |
| 852 | |a INST |b RHODES |c EUDOXUS |e 20170518 |h 342 ΚΟΥ |p 005400039280 |q 005400039280 |t EDX |y 0 | ||
| 920 | |a Εύδοξος |b Παραγγελία |y Ρόδος-ΤΕΠΑΕΣ |z 2017-05 | ||
| 970 | |z 18-05-2017 | ||